000 01031nam a2200277 a 4500
003 DO-SdBNP
005 20220525134602.0
007 ta
008 220525e2010 dr a|||grc||| 00| 0dspa d
040 _aDO-SdBNP
_bspa
_cBNPHU
082 4 _222
_bP649c
100 1 _957662
_aPineda, Miguel
_d1962
245 1 0 _aMiguel Pineda:
_bCaribe mágico. /
_cMiguel Pineda; Texto, Marianne de Tolentino; Coordinador, Yessenia Cuello; Fotografía, Virgilio Félix.
260 _aSanto Domingo :
_bAlianza Francesa,
_c2010
300 _a[32] p. :
_bil. ;
_c30 cm.
500 _aIncluye datos biográficos del autor, p. 23- 24
590 _aInventariado 2022 / MF
650 4 _976639
_aArte dominicano
_vExposiciones
_xCatálogos
650 4 _979753
_aExposicion
_xPintura
_zRepública Dominicana
700 1 _973333
_aTolentino, Marianne de,
_d1951-
_etexto
700 1 _925471
_aLópez Meléndez, Amable
_etexto
700 1 _aCuello, Yessenia,
_ecoord.
_981680
700 1 _aFélix, Virgilio,
_efotogr.
_981681
910 _aMFeliz
942 _2ddc
_cLF2
999 _c51818
_d51818